• 首页
  • 本馆介绍
  • 公告通知
  • 最新文献
  • 馆藏检索
  • 电子资源
  • 读者导购
  • 参考咨询
  • 我的图书馆
  • 登录
  • 详细信息显示
  • 放入我的书架
  • 预约/预借图书
  • 作者相关作品
  • 分类相关作品
  • 丛书相关作品
  • 出版社相关作品

书目信息

  • 表格格式
  • 工作单格式
  • 卡片格式
题名:
“有的放矢”及其他
    
 
作者: 艾思奇 著
分册:  
出版信息: 北京   三联书店  1978
页数: 162页
开本: 19cm
丛书名:
单 册:
中图分类: B27-53
科图分类:
主题词: 哲学--中国--现代--文集
电子资源:
ISBN:
000 00626nam0 2200229 45
001 0178005385
005 20070731154533.25
010    @dCNY0.38
091    @aCN@b2002.227
100    @a19950712d1978 em y0chiy0121 ea
101 0  @achi
102    @aCN@b110000
105    @ay z 000yy
200 12 @a“有的放矢”及其他@Ayou di fang shi ji qi ta@f艾思奇著
210    @a北京@c三联书店@d1978
215    @a162页@d19cm
517 1  @a有的放矢及其他@Ayou di fang shi ji qi ta
606    @a哲学@y中国@z现代@x文集
690    @aB27-53@v3
701  0 @a艾思奇@Aai si qi@4著
801  0 @aCN@bTSSF@c20070731
905    @a10447@dB27-53@e74
    
    “有的放矢”及其他/艾思奇著.-北京:三联书店,1978
    162页;19cm
    
    
    ISBN :CNY0.38
    
●
相关链接 在E读中查询图书 在五车中查询图书 在当当中查询图书 在豆瓣中查询图书


正题名:"有的放矢"及其他     索取号:B27-53/74         预约/预借

序号 登录号 条形码 馆藏地/架位号 状态 备注
1 0785481   207854810   第一样本阅览室/ [索取号:B27-53/74] 在馆    
唐山师范学院图书馆 欢迎您!
大连网信软件有限公司© 版权所有